000
00292 a2200145 4500
001
155019
040
_c
Escola São Tomás de Aquino
100
_a
LEATHER, Sue
240
1
0
_a
Hacker
_l
por
245
1
0
_a
Hacker
300
_a
38
362
0
_a
2011
697
_a
Língua inglesa
942
_c
BK
999
_c
155019
_d
155019